|
|
|
|
| LEADER |
01145nam a2200265 a 4500 |
| 001 |
2860 |
| 003 |
BD-DhAAL |
| 008 |
150913s2008 bg a s f000 0 mul d |
| 020 |
|
|
|a 984508429x
|
| 040 |
|
|
|a ViMcC
|c ViMcC
|d MH
|d NST
|d DLC
|d NST
|d DLC
|d DNAL
|d NST
|d NIC
|d NST
|d WaU
|d MH
|d OCoLC
|d InU
|d BD-DhAAL
|
| 082 |
0 |
|
|a 315.49/2
|2 19
|
| 245 |
0 |
0 |
|a Statistical pocket book of Bangladesh 2000 :
|b Bāṃlādeśa parisaṃkhyāna pakeṭa bai.
|
| 246 |
3 |
1 |
|a Bāṃlādeśa parisaṃkhyāna pakeṭa bai.
|
| 246 |
1 |
|
|i Title varies slightly:
|a Statistical pocketbook of Bangladesh
|
| 246 |
1 |
4 |
|a Statistical pocketbook.
|p Bangladesh
|f <1994->
|
| 260 |
|
|
|a Dacca :
|b Bangladesh Bureau of Statistics, Statistics Division, Ministry of Planning,
|c 2002
|
| 300 |
|
|
|a xix. 475 p. :
|b ill. ;
|c 14 cm.
|
| 310 |
|
|
|a Annual
|
| 541 |
1 |
|
|e 2860
|
| 546 |
|
|
|a Bengali and English.
|
| 651 |
|
0 |
|a Bangladesh
|v Statistics
|v Periodicals.
|9 14580
|
| 710 |
1 |
|
|a Bangladesh.
|b Parisaṃkhyāna Byuro.
|9 14581
|
| 942 |
|
|
|2 ddc
|c BK
|
| 999 |
|
|
|c 35511
|d 35511
|
| 952 |
|
|
|0 0
|1 0
|2 ddc
|4 0
|6 315_490000000000000_2_STA
|7 0
|9 55855
|a SCL
|b SCL
|c GEN
|d 2015-09-13
|l 0
|o 315.492 STA
|p 3020002860
|r 2015-09-13
|t 1
|w 2015-09-13
|y BK
|